000 00746nam a2200229Ia 4500
003 GCL
008 140319s9999 xx 000 0 eng d
040 _aGCL /
_cGCL
082 0 4 _a721.822
_bM T
100 1 _aTHE MULLINER BOOK AND PLANNING CO.
245 1 0 _aTURN OF THE CENTURY: DOORS, WINDOWS AND DECORATIVE MILLWORK: THE MULLINER CATALOGUE OF 1893 /
_cTHE MULLINER BOOK AND PLANNING CO.
260 _a[S.N] :
_bDOVER PUBLICATIONS ،
_c1995
300 _a332 P
650 0 4 _aARCHITECTURE, VICTORIAN U.S.A
650 0 4 _aARCHITECTURE, VICTORIAN CANADA
650 0 4 _aARCHITECTURE - DETAILS
650 0 4 _aWINDOWS
650 0 4 _aDOORS
650 0 4 _aUNITED STATES - WOOD WORK
650 0 4 _aWOOD WORK - CANADA CATALOGUES
942 _2ddc
_cBK
999 _c14919
_d14919